| 000 | 00546nam a22001817a 4500 | ||
|---|---|---|---|
| 005 | 20141021121427.0 | ||
| 010 | _aENG-111015 | ||
| 020 |
_c175.00 _a9788175156579 |
||
| 035 | _aEN-94547 | ||
| 037 | _bDBAD/PUB | ||
| 082 | _a658.4092 | ||
| 100 | _aRao, M.S. | ||
| 245 |
_aSoft leadership : _cby M.S. Rao _bmake others feel more important / |
||
| 260 |
_aNew Delhi _bGalgotia Publications _c2012 |
||
| 270 |
_bNew Delhi _e110002 _a5, Ansari Road, Darya Ganj |
||
| 300 |
_axiv,132p. _c22cm(pbk) |
||
| 942 |
_2ddc _cEN _mRAO _h658.4092 |
||
| 999 |
_c89445 _d89445 |
||